Normal view
MARC view
Entry Personal Name
001 - CONTROL NUMBER
- control field: 15464
003 - CONTROL NUMBER IDENTIFIER
- control field: ARRUPE
005 - DATE AND TIME OF LATEST TRANSACTION
- control field: 20150223145642.0
008 - FIXED-LENGTH DATA ELEMENTS
- fixed length control field: 150223|| aca||aabn | a|a d
040 ## - CATALOGING SOURCE
- Original cataloging agency: ARRUPE
- Transcribing agency: ARRUPE
100 ## - HEADING--PERSONAL NAME
- Personal name: Forrest, Duncan
670 ## - SOURCE DATA FOUND
- Source citation: Work cat.: (ARRUPE): Forrest, Duncan, A Glimpse of hell, 1996